Zákon č. 582/2004 Z.z. o miestnych daniach s komentárom

Zmeny zákonov upravujúcich miestne dane v roku 2012 si vyžadujú aj iný postup pri priznávaní a vyrubovaní miestnych daní v roku 2013. Zmeny sa týkajú hlavne dane z nehnuteľností, dane za psa, dane za predajné automaty a dane za nevýherné hracie automaty. Najvýraznejšie zmeny, ktoré zaviedla novela z...

Ausführliche Beschreibung

Gespeichert in:
Bibliographische Detailangaben
1. Verfasser: Bubeníková, Irena
Format: Buchkapitel
Sprache:Slowakisch
Schlagworte:
Tags: Tag hinzufügen
Keine Tags, Fügen Sie das erste Tag hinzu!

MARC

LEADER 00000naa a2200000 4500
001 0167366
005 20231120103342.9
041 0 |a slo 
044 |a SK 
245 1 0 |a Zákon č. 582/2004 Z.z. o miestnych daniach s komentárom  |c Irena Bubeníková 
520 |a Zmeny zákonov upravujúcich miestne dane v roku 2012 si vyžadujú aj iný postup pri priznávaní a vyrubovaní miestnych daní v roku 2013. Zmeny sa týkajú hlavne dane z nehnuteľností, dane za psa, dane za predajné automaty a dane za nevýherné hracie automaty. Najvýraznejšie zmeny, ktoré zaviedla novela zákona o miestnych daniach a poplatkoch. 
610 2 0 |a dane miestne 
610 2 0 |a poplatky miestne 
610 2 0 |a zákony 
610 2 0 |a novelizácia 
610 2 0 |a komentáre 
610 2 0 |a Slovensko 
610 2 0 |a 2004-2012 
100 1 |a Bubeníková, Irena